01926nam a2200373 i 450000100060000000300100000600500170001600700030003300800410003602000180007704000350009504100080013004300120013808200430015024501190019325000220031226400800033430000500041433600290046433700330049333800280052665000730055465000420062765000750066965000630074470000550080770001030086270000840096594200120104999900170106195201540107895201830123295201370141556717CO-BoRNBP20250801162559.0ta241129b2022 ck a|||| |||| 00| 0 spa d a9789585360990 aCO-BoRNBPbspacCO-BoRNBPerda aspa as-ck--- a781.62 M25t bM25t 2Primera edición a54 Torneo Internacional del Joropo Miguel Ángel Martín.bEn Homenaje a: Amércia Rey/cGobernación del Meta aPrimera edición 4aVillavicencio, Meta, Colombia.bCorporación Cultural Entreletras,c©2022 a198 páginas,bfotografías a color,c30 cm 2rdacontenidoatextobtxt 2rdamedioasin mediaciónbn 2rdasoporteavolumenbnc 2ARMARCaMemorias del 54 Torneo Internacional del Joropoy2022957481 2ARMARCaXVI Joropo Académico957482 2ARMARCaLas manifestaciones del patrimonio cultural en el Toneo957483 2ARMARCaReinado Nacional e Internacional del Joropo957484 aJuan Guillermo Zuluagaegobernador del Meta957485 aLilian Camila Arismendy MéndezeDirectora del Instituto Departamental de Cultura del Meta957486 aLuis Carlos Londoño VargaseDirector del Instituto de Turismo del Meta957487 2ddccBK c56717d56717 00102ddc40708REGaMEGUAMALbMEGUAMALcLITd2024-11-29eColección Regionall0o781.62 M25tpGUA004558r2024-11-29 11:30:15tEj.1w2024-11-29yBK 00102ddc40708GENaMEMACYARIbMEMACYARIcGENd2023-05-17eministerio de culturaf9789585360990l0o781.62 M25t M25t p9789585360990r2025-05-31 16:00:22tEj.1w2025-05-31yBK 00102ddc40708GENaMESGUARObMESGUAROcGENd2025-07-21l0o781.62 M25t M25t pSG03850r2025-07-21 17:58:13tEj.1w2025-07-21yBK